=LDR 00000nam 2200000 4500 =001 NUTBA000000000002143 =005 20251209010508 =035 ##$$a 0010-061400000000086 =008 251209###########################0#ind## =020 ##$$a 978-979-8844-94-2 =040 ##$$a NBPDMAT =082 ##$$a 028.5 =090 ##$$a 028.5 $b Ari t =100 ##$$a Ariyani =245 1#$$a Tanaman yang menghasilkan protein dan minyak /$c Ariyani =260 ##$$a Jakarta :$b Amalia,$c 2013 =300 ##$$a 52 hlm. : $b ilus. ; $c 25 cm. =500 ##$$a Bibliografi : hlm. 52 =650 #4$$a Bacaan Kanak - Kanak =850 ##$$a NBPDMAT =084 ##$$a 028.5 ARI t =990 ##$$a 21400142 =990 ##$$a 21400143 =990 ##$$a 21400144 =990 ##$$a 21400145 =990 ##$$a 21400146 =990 ##$$a 21400142 =990 ##$$a 21400143 =990 ##$$a 21400144 =990 ##$$a 21400145 =990 ##$$a 21400146